[Event "RUS-chT2"]
[Site "Sochi"]
[Date "2016.05.05"]
[Round "5.4"]
[White "Shariyazdanov, Andrey"]
[Black "Benza, Artem"]
[Result "1-0"]
[WhiteElo "2527"]
[BlackElo "2334"]
[PlyCount "69"]
[EventDate "2016.05.01"]
[EventType "team-swiss"]
[EventRounds "9"]
[EventCountry "RUS"]
[SourceTitle "CBM 172 Extra"]
[Source "ChessBase"]
[SourceDate "2016.06.21"]
[SourceVersion "1"]
[SourceVersionDate "2016.06.21"]
[SourceQuality "1"]
[WhiteTeam "Yekaterinburg Malachite"]
[BlackTeam "Moscow Automation"]
[WhiteTeamCountry "RUS"]
[BlackTeamCountry "RUS"]

1. Nf3 c5 2. c4 Nc6 3. d4 cxd4 4. Nxd4 Nf6 5. Nc3 g6 6. e4 Bg7 7. Be3 0-0 8. Be2 d6 9. 0-0 Bd7 10. Nc2 Rc8 11. f3 Be6 12. Qd2 Nd7 13. Rac1 a6 14. Rfd1 f5 15. exf5 gxf5 16. f4 Nf6 17. h3 Qe8 18. b3 Qg6 19. Nd4 Nxd4 20. Bxd4 Rf7 21. Bf3 Ne4 22. Qe3 Nxc3 23. Rxc3 b5 24. Bxg7 Rxg7 25. c5 dxc5 26. Rxc5 Rxc5 27. Qxc5 h6 28. Qa7 Bf7 29. Qxe7 Qg3 30. Qe5 Bh5 31. Qxf5 Bg6 32. Qe5 Kh7 33. Rd8 Qh4 34. Qb8 Qe1+ 35. Kh2 1-0

[Event "RUS-chT2"]
[Site "Sochi"]
[Date "2015.05.05"]
[Round "5.10"]
[White "Benza, Artem"]
[Black "Skomorokhin, Roman"]
[Result "1-0"]
[WhiteElo "2369"]
[BlackElo "2381"]
[PlyCount "87"]
[EventDate "2015.05.01"]
[EventType "team-swiss"]
[EventRounds "7"]
[EventCountry "RUS"]
[SourceTitle "CBM 166 Extra"]
[Source "ChessBase"]
[SourceDate "2015.06.18"]
[SourceVersion "1"]
[SourceVersionDate "2015.06.18"]
[SourceQuality "1"]
[WhiteTeam "Desnogorsk Atom"]
[BlackTeam "Kstovo Volga"]
[WhiteTeamCountry "RUS"]
[BlackTeamCountry "RUS"]

1. e4 e6 2. Nf3 d5 3. Nc3 d4 4. Ne2 c5 5. c3 Nf6 6. Ng3 a6 7. cxd4 cxd4 8. Bc4 Nc6 9. 0-0 Be7 10. d3 h5 11. a3 h4 12. Ne2 Qd6 13. h3 Nd7 14. b4 e5 15. Qb3 Nd8 16. Bg5 Nf8 17. Bxe7 Qxe7 18. Nd2 g5 19. f3 Ng6 20. b5 Be6 21. bxa6 Rxa6 22. a4 0-0 23. Rfb1 Rc6 24. Bxe6 Nxe6 25. Nc4 Nc5 26. Qa3 Qc7 27. Rb4 Kh7 28. a5 Rg8 29. Nb6 Nf4 30. Nxf4 gxf4 31. Rc4 Qe7 32. Ra2 Qd6 33. Rac2 Ne6 34. Qc1 Ng5 35. Kh2 Qg6 36. Qe1 Rxc4 37. Nxc4 Qf6 38. Qxh4+ Kg6 39. Qg4 Rh8 40. Rb2 Rh4 41. Qf5+ Qxf5 42. exf5+ Kxf5 43. Rxb7 Rh6 44. Nb6 1-0

[Event "Kostroma Volga Cup op"]
[Site "Kostroma"]
[Date "2009.07.??"]
[Round "6"]
[White "Benza, Artem"]
[Black "Gubajdullin, Alexey"]
[Result "0-1"]
[WhiteElo "2287"]
[BlackElo "2455"]
[PlyCount "90"]
[EventDate "2009.07.03"]
[EventType "swiss"]
[EventRounds "9"]
[EventCountry "RUS"]
[SourceTitle "EXT 2021"]
[Source "ChessBase"]
[SourceDate "2020.10.23"]
[SourceVersion "1"]
[SourceVersionDate "2020.10.23"]
[SourceQuality "1"]

1. e4 c5 2. Nf3 g6 3. c3 Bg7 4. d4 cxd4 5. cxd4 d5 6. exd5 Nf6 7. Nc3 Nxd5 8. Bb5+ Nc6 9. Qb3 Nxc3 10. bxc3 Be6 11. Bc4 Bxc4 12. Qxc4 0-0 13. 0-0 Rc8 14. Qa4 Na5 15. Bg5 b6 16. Rac1 h6 17. Bh4 f5 18. h3 f4 19. Qc2 Qe8 20. Rfe1 g5 21. Bxg5 hxg5 22. Nxg5 Qh5 23. Ne6 Rf7 24. Re4 f3 25. Rg4 fxg2 26. Qe4 Qxh3 27. Rxg2 Nc4 28. Qd5 Ne3 29. fxe3 Qxe3+ 30. Kh2 Qh6+ 31. Kg1 Qxc1+ 32. Kh2 Qh6+ 33. Kg1 Kh8 34. Ng5 Rf6 35. Rh2 Rf1+ 36. Kxf1 Qxh2 37. Nf7+ Kh7 38. Qf5+ Kg8 39. Qxc8+ Kxf7 40. Qc4+ Kg6 41. a4 Bf6 42. Ke1 Qc2 43. Qg8+ Kh5 44. Qf7+ Kg4 45. Qe6+ Kf4 0-1

[Event "Lipetsk King's Gambit op 3rd"]
[Site "Lipetsk"]
[Date "2009.06.25"]
[Round "3"]
[White "Benza, Artem"]
[Black "Tkachuk, Andrey"]
[Result "1/2-1/2"]
[WhiteElo "2272"]
[BlackElo "2125"]
[PlyCount "39"]
[EventDate "2009.06.23"]
[EventType "swiss"]
[EventRounds "9"]
[EventCountry "RUS"]
[SourceTitle "EXT 2022"]
[Source "ChessBase"]
[SourceDate "2021.10.06"]
[SourceVersion "1"]
[SourceVersionDate "2021.10.06"]
[SourceQuality "1"]

1. d4 Nf6 2. c4 g6 3. Nc3 d5 4. Nf3 Bg7 5. Qb3 dxc4 6. Qxc4 0-0 7. e4 Nc6 8. Be3 Bg4 9. Be2 Bxf3 10. Bxf3 e5 11. d5 Nd4 12. Bd1 b5 13. Nxb5 Nxe4 14. 0-0 Nd6 15. Nxd6 cxd6 16. Bxd4 exd4 17. Ba4 Qa5 18. Bc6 Rab8 19. b3 Rfc8 20. Qd3 1/2-1/2

[Event "Zvenigorod Autumn op-B"]
[Site "Zvenigorod"]
[Date "2008.09.29"]
[Round "7"]
[White "Mishin, Alexei"]
[Black "Benza, Artem"]
[Result "1-0"]
[WhiteElo "2285"]
[BlackElo "2283"]
[PlyCount "69"]
[EventDate "2008.09.25"]
[EventType "swiss"]
[EventRounds "9"]
[EventCountry "RUS"]
[SourceTitle "EXT 2022"]
[Source "ChessBase"]
[SourceDate "2021.10.06"]
[SourceVersion "1"]
[SourceVersionDate "2021.10.06"]
[SourceQuality "1"]

1. e4 e6 2. d4 d5 3. e5 c5 4. c3 Nc6 5. Nf3 Qb6 6. a3 Bd7 7. b4 cxd4 8. cxd4 Rc8 9. Be3 Nh6 10. Bd3 Nf5 11. Bxf5 exf5 12. 0-0 a5 13. Nc3 Be6 14. b5 Na7 15. Na4 Qxb5 16. Rb1 Qc6 17. Nb6 Rb8 18. Qb3 Qc7 19. Bd2 Be7 20. Qa4+ Nc6 21. Bxa5 Kf8 22. Rfc1 Qd8 23. Bd2 g5 24. Rb5 Kg7 25. Rc3 Re8 26. Bxg5 f6 27. exf6+ Bxf6 28. Bf4 Nxd4 29. Nxd4 Bd7 30. Re3 Bxb5 31. Nxf5+ Kg6 32. Qxb5 Kxf5 33. Bxb8 Rxe3 34. fxe3 Qxb8 35. Qf1+ 1-0

[Event "Zvenigorod Autumn op-B"]
[Site "Zvenigorod"]
[Date "2008.09.26"]
[Round "3"]
[White "Benza, Artem"]
[Black "Omariev, Maksim"]
[Result "1/2-1/2"]
[WhiteElo "2283"]
[BlackElo "2246"]
[PlyCount "128"]
[EventDate "2008.09.25"]
[EventType "swiss"]
[EventRounds "9"]
[EventCountry "RUS"]
[SourceTitle "EXT 2022"]
[Source "ChessBase"]
[SourceDate "2021.10.06"]
[SourceVersion "1"]
[SourceVersionDate "2021.10.06"]
[SourceQuality "1"]

1. d4 d5 2. Nf3 Nf6 3. c4 c6 4. Qc2 Bg4 5. Ne5 Bh5 6. e3 e6 7. Bd3 Nbd7 8. f4 Bd6 9. 0-0 Bg6 10. Nxg6 hxg6 11. Nd2 Ng4 12. Nf3 f5 13. h3 Ngf6 14. Bd2 0-0 15. Be1 Rc8 16. c5 Bb8 17. b4 b5 18. a4 a6 19. Bh4 Qe8 20. axb5 axb5 21. Ra6 Ne4 22. Rfa1 Ndf6 23. Ne5 Bxe5 24. dxe5 Nh7 25. Ra7 g5 26. Be1 Rf7 27. R1a6 gxf4 28. exf4 Nf8 29. h4 Rxa7 30. Rxa7 Ra8 31. Ra2 Qc8 32. Qb2 Ra6 33. Qa1 Rxa2 34. Qxa2 Qb7 35. Qa5 Kf7 36. Be2 Ke8 37. h5 Kd7 38. Bh4 Qc7 39. Qa8 Qc8 40. Qxc8+ Kxc8 41. Be7 Nd7 42. g4 Nc3 43. Bf3 Na2 44. gxf5 exf5 45. e6 Nxb4 46. exd7+ Kxd7 47. Bf8 Ke8 48. Bxg7 Kf7 49. Be5 Na6 50. Bxd5+ cxd5 51. c6 b4 52. c7 Nxc7 53. Bxc7 Kg7 54. Kg2 Kh6 55. Ba5 b3 56. Bc3 Kxh5 57. Kg3 Kg6 58. Kf3 Kh5 59. Bf6 Kg6 60. Be5 Kh5 61. Ke2 Kg4 62. Ke3 Kg3 63. Kd2 Kf3 64. Kc3 d4+ 1/2-1/2

[Event "Zvenigorod Autumn op-B"]
[Site "Zvenigorod"]
[Date "2008.09.25"]
[Round "2"]
[White "Uraev, Ivan"]
[Black "Benza, Artem"]
[Result "0-1"]
[WhiteElo "2150"]
[BlackElo "2283"]
[PlyCount "164"]
[EventDate "2008.09.25"]
[EventType "swiss"]
[EventRounds "9"]
[EventCountry "RUS"]
[SourceTitle "EXT 2022"]
[Source "ChessBase"]
[SourceDate "2021.10.06"]
[SourceVersion "1"]
[SourceVersionDate "2021.10.06"]
[SourceQuality "1"]

1. e4 c5 2. Nc3 a6 3. a4 d6 4. f4 Nc6 5. Nf3 g6 6. Bc4 Bg7 7. d3 Nd4 8. 0-0 e6 9. Nxd4 cxd4 10. Ne2 Ne7 11. Bb3 Bd7 12. Bd2 0-0 13. Bb4 Qb6 14. Qe1 a5 15. Ba3 Rfe8 16. Qh4 f5 17. e5 Nc8 18. exd6 Nxd6 19. Kh1 Qc7 20. Ng1 Nf7 21. Nf3 b5 22. axb5 Bxb5 23. Rfe1 Ra6 24. Re2 a4 25. Ba2 Rc6 26. Rae1 Qd7 27. Qg3 Bf6 28. h4 Kg7 29. h5 Ba6 30. Nh4 Bxh4 31. Qxh4 Nh6 32. Qg3 Ng4 33. b3 Qc7 34. Bb2 Qb6 35. Ba1 a3 36. b4 Qxb4 37. Bxe6 Rd6 38. Ba2 Rxe2 39. Rxe2 Rd7 40. Qe1 Qxe1+ 41. Rxe1 Kh6 42. hxg6 hxg6 43. Kg1 Bb7 44. Bb3 Bd5 45. Bxd5 Rxd5 46. Re8 a2 47. g3 Ne3 48. c4 Ra5 49. Rh8+ Kg7 50. Bxd4+ Kf7 51. Kf2 Ng4+ 52. Ke2 a1Q 53. Bxa1 Rxa1 54. d4 Ra2+ 55. Kd3 Ra3+ 56. Kd2 Nf6 57. Rc8 Ne4+ 58. Kc2 Nxg3 59. d5 Ne4 60. Rc7+ Kf6 61. Kb2 Rd3 62. Rc6+ Kg7 63. Kc2 Rd2+ 64. Kb3 Kh6 65. Kb4 Kh5 66. Kb5 Rd4 67. Rc7 Nd2 68. Kb4 Nxc4 69. Rxc4 Rxd5 70. Kc3 Kg4 71. Rc6 Kxf4 72. Rxg6 Kf3 73. Kc4 Rd8 74. Kc3 f4 75. Rf6 Ke3 76. Re6+ Kf2 77. Kc2 f3 78. Rf6 Ke2 79. Re6+ Kf1 80. Rf6 f2 81. Rf7 Rg8 82. Kd2 Kg2 0-1

[Event "Voronezh op-A"]
[Site "Voronezh"]
[Date "2008.06.14"]
[Round "3"]
[White "Romanov, Evgeny"]
[Black "Benza, Artem"]
[Result "1-0"]
[WhiteElo "2547"]
[BlackElo "2335"]
[PlyCount "61"]
[EventDate "2008.06.12"]
[EventType "swiss"]
[EventRounds "9"]
[EventCountry "RUS"]
[SourceTitle "CBM 125 Extra"]
[Source "ChessBase"]
[SourceDate "2008.09.01"]
[SourceVersion "1"]
[SourceVersionDate "2008.09.01"]
[SourceQuality "1"]

1. d4 d5 2. c4 e6 3. Nf3 c5 4. cxd5 exd5 5. g3 Nc6 6. Bg2 Nf6 7. 0-0 cxd4 8. Nxd4 Be7 9. Nc3 0-0 10. Be3 Re8 11. Qa4 Bg4 12. Nxc6 bxc6 13. Qxc6 Rc8 14. Qa4 Rc4 15. Qxa7 d4 16. Rfd1 Bc5 17. Qa6 Rb4 18. a3 Rxb2 19. Qc4 Qa5 20. Bxd4 Bxd4 21. Qxd4 Bxe2 22. Re1 Rd8 23. Nd5 Rd2 24. Nxf6+ gxf6 25. Qxf6 R8d6 26. Qf4 Re6 27. Bh3 Re5 28. Rac1 Kg7 29. Bg4 Rc2 30. Bxe2 Rexe2 31. Rxe2 1-0

[Event "Voronezh op-A"]
[Site "Voronezh"]
[Date "2008.06.13"]
[Round "2"]
[White "Benza, Artem"]
[Black "Kurukin, Dmitry"]
[Result "1-0"]
[WhiteElo "2335"]
[BlackElo "2197"]
[PlyCount "92"]
[EventDate "2008.06.12"]
[EventType "swiss"]
[EventRounds "9"]
[EventCountry "RUS"]
[SourceTitle "CBM 125 Extra"]
[Source "ChessBase"]
[SourceDate "2008.09.01"]
[SourceVersion "1"]
[SourceVersionDate "2008.09.01"]
[SourceQuality "1"]

1. e4 c5 2. Nf3 d6 3. d4 cxd4 4. Nxd4 Nf6 5. Nc3 a6 6. Be3 e5 7. Nb3 Be6 8. f3 Nbd7 9. Qd2 b5 10. g4 Nb6 11. g5 Nh5 12. Nd5 Nxd5 13. exd5 Bd7 14. Na5 Be7 15. 0-0-0 0-0 16. h4 Ng3 17. Rg1 Nxf1 18. Rdxf1 Qc7 19. f4 Bd8 20. b4 Rc8 21. Nb3 Bf5 22. Rf2 Qd7 23. Qd1 exf4 24. Bd4 Rc4 25. c3 a5 26. bxa5 b4 27. Kb2 bxc3+ 28. Bxc3 Qb5 29. Qd2 Bxa5 30. Bxa5 Rc2+ 31. Qxc2 Bxc2 32. Rxc2 Qxd5 33. Rf1 f6 34. Rxf4 fxg5 35. Rd4 Qf5 36. hxg5 Qxg5 37. Rxd6 Qe5+ 38. Rd4 h5 39. Bc3 Qg3 40. Bd2 h4 41. Rc5 h3 42. Rg5 Qf2 43. Rh5 Rf3 44. Rdh4 Qg2 45. a4 Rg3 46. a5 g5 1-0

[Event "Nezhmetdinov Memorial 30th"]
[Site "Kazan"]
[Date "2008.06.03"]
[Round "3"]
[White "Benza, Artem"]
[Black "Shurunov, Arseny"]
[Result "1-0"]
[WhiteElo "2335"]
[BlackElo "2130"]
[PlyCount "109"]
[EventDate "2008.06.01"]
[EventType "swiss"]
[EventRounds "9"]
[EventCountry "RUS"]
[SourceTitle "EXT 2009"]
[Source "ChessBase"]
[SourceDate "2008.11.26"]
[SourceVersion "1"]
[SourceVersionDate "2008.11.26"]
[SourceQuality "1"]

1. e4 c5 2. Nf3 e6 3. b3 Nc6 4. Bb2 Nf6 5. Qe2 d6 6. g3 Be7 7. Bg2 0-0 8. 0-0 e5 9. c3 Bg4 10. h3 Bh5 11. d3 Rb8 12. Nbd2 d5 13. Rfe1 Re8 14. g4 Bg6 15. Rad1 d4 16. Nh4 dxc3 17. Bxc3 Nd4 18. Bxd4 cxd4 19. Nf5 Bb4 20. Rf1 Nd7 21. Nc4 Nf8 22. a3 Bc5 23. b4 Bb6 24. f4 Bc7 25. fxe5 Bxe5 26. Nxe5 Rxe5 27. Qf2 Ne6 28. Rc1 Qd7 29. Rc2 f6 30. Rfc1 Rd8 31. h4 Bf7 32. g5 fxg5 33. hxg5 Rb5 34. Qg3 Re8 35. Rc7 Nxc7 36. Rxc7 Qe6 37. Nd6 Rxg5 38. Qf4 Rg4 39. Qxf7+ Qxf7 40. Nxf7 Rg3 41. Nd6 Rd8 42. Nf5 Rxd3 43. Rxg7+ Kh8 44. Rxb7 Rxa3 45. Nh6 Re8 46. Rd7 d3 47. Nf7+ Kg8 48. Nh6+ Kh8 49. e5 Ra1+ 50. Kh2 Ra2 51. Nf7+ Kg8 52. Nh6+ Kh8 53. Kh3 d2 54. Be4 Ra3+ 55. Kh4 1-0

[Event "Belgorod Rector Cup 4th"]
[Site "Belgorod"]
[Date "2008.02.29"]
[Round "5"]
[White "Benza, Artem"]
[Black "Ivanov, Alexander Al"]
[Result "0-1"]
[WhiteElo "2333"]
[BlackElo "2430"]
[PlyCount "68"]
[EventDate "2008.02.25"]
[EventType "tourn"]
[EventRounds "9"]
[EventCountry "RUS"]
[EventCategory "9"]
[SourceTitle "CBM 123 Extra"]
[Source "ChessBase"]
[SourceDate "2008.05.06"]
[SourceVersion "1"]
[SourceVersionDate "2008.05.06"]
[SourceQuality "1"]

1. e4 d6 2. d4 g6 3. Nc3 Bg7 4. Bc4 Nc6 5. Nf3 Nf6 6. 0-0 Bg4 7. Be3 Na5 8. Bd3 Nc6 9. h3 Bxf3 10. Qxf3 0-0 11. a3 e5 12. d5 Nd4 13. Qd1 c5 14. dxc6 bxc6 15. Re1 Rb8 16. Qc1 Re8 17. b3 d5 18. exd5 cxd5 19. Bxd4 exd4 20. Rxe8+ Qxe8 21. Ne2 Ne4 22. b4 Qe6 23. Rb1 Re8 24. Bb5 Re7 25. a4 Be5 26. Qh6 Qf6 27. Rf1 Bd6 28. h4 Bxb4 29. Qf4 Qb6 30. h5 Bd6 31. Qh4 Re5 32. hxg6 hxg6 33. Qg4 Rf5 34. a5 Qxa5 0-1

[Event "Belgorod Rector Cup 4th"]
[Site "Belgorod"]
[Date "2008.02.27"]
[Round "3"]
[White "Benza, Artem"]
[Black "Solodovnichenko, Yuri"]
[Result "1-0"]
[WhiteElo "2333"]
[BlackElo "2541"]
[PlyCount "93"]
[EventDate "2008.02.25"]
[EventType "tourn"]
[EventRounds "9"]
[EventCountry "RUS"]
[EventCategory "9"]
[SourceTitle "CBM 123 Extra"]
[Source "ChessBase"]
[SourceDate "2008.05.06"]
[SourceVersion "1"]
[SourceVersionDate "2008.05.06"]
[SourceQuality "1"]

1. e4 c5 2. Nf3 d6 3. d4 Nf6 4. Nc3 cxd4 5. Nxd4 a6 6. Be3 e6 7. f3 Nc6 8. Qd2 Be7 9. g4 0-0 10. 0-0-0 Nd7 11. h4 Nde5 12. Qg2 Nxd4 13. Bxd4 Bd7 14. g5 b5 15. Kb1 b4 16. Ne2 Qc7 17. f4 Rfc8 18. Ng3 Nc6 19. Be3 a5 20. g6 fxg6 21. h5 g5 22. Bc4 Kh8 23. f5 Ne5 24. Bxe6 Bxe6 25. fxe6 h6 26. Nf5 a4 27. Bd4 Bf6 28. Rhf1 Kh7 29. Ne3 b3 30. Rf2 Qe7 31. Qh3 bxc2+ 32. Nxc2 g4 33. Qg2 Qxe6 34. Nb4 Nf3 35. Bxf6 Qxe4+ 36. Ka1 gxf6 37. a3 Qf4 38. Rc2 Kh8 39. Nd5 Qg5 40. Ne7 Re8 41. Ng6+ Kg8 42. Rc7 f5 43. Rxd6 Rad8 44. Ne7+ Kf8 45. Rxd8 Rxd8 46. Ng6+ Kg8 47. Qe2 1-0

[Event "Moscow op-A 04th"]
[Site "Moscow"]
[Date "2008.02.08"]
[Round "7"]
[White "Kurenkov, Nikolai"]
[Black "Benza, Artem"]
[Result "0-1"]
[WhiteElo "2438"]
[BlackElo "2333"]
[PlyCount "104"]
[EventDate "2008.02.02"]
[EventType "swiss"]
[EventRounds "9"]
[EventCountry "RUS"]
[SourceTitle "CBM 122 Extra"]
[Source "ChessBase"]
[SourceDate "2008.03.04"]
[SourceVersion "1"]
[SourceVersionDate "2008.03.04"]
[SourceQuality "1"]

1. d4 Nf6 2. c4 g6 3. Nc3 Bg7 4. e4 0-0 5. Be3 d6 6. f3 Nc6 7. Qd2 a6 8. Bd3 Rb8 9. Nge2 Re8 10. 0-0 Nd7 11. Rac1 e5 12. d5 Nd4 13. Bb1 Nxe2+ 14. Qxe2 c5 15. dxc6 bxc6 16. Rfd1 Qc7 17. c5 Nxc5 18. Bxc5 dxc5 19. Na4 Bf8 20. b3 Qa5 21. Qe3 Rb4 22. Nxc5 Qb6 23. Qf2 Bh6 24. Rc3 Rd4 25. Rdd3 Red8 26. Na4 Qb5 27. Qf1 a5 28. Rxd4 exd4 29. Rc4 Be6 30. Bd3 Bxc4 31. Bxc4 Qb4 32. Nb2 Qd2 33. Nd3 Re8 34. e5 Be3+ 35. Kh1 Qxa2 36. f4 Qd2 37. h3 Re7 38. f5 gxf5 39. Qxf5 Bg5 40. Kh2 h5 41. Qg6+ Kf8 42. Qf5 h4 43. e6 f6 44. Qf3 Kg7 45. Kh1 a4 46. bxa4 Rb7 47. Bb5 Rc7 48. Bxc6 Rxc6 49. Qxc6 Qxd3 50. Qb7+ Kh6 51. Qf3 Qxf3 52. gxf3 Kg6 0-1

[Event "Obninsk"]
[Site "Obninsk"]
[Date "2007.12.20"]
[Round "10"]
[White "Ivanov, Alexander Al"]
[Black "Benza, Artem"]
[Result "1-0"]
[WhiteElo "2398"]
[BlackElo "2344"]
[PlyCount "61"]
[EventDate "2007.12.14"]
[EventType "tourn"]
[EventRounds "10"]
[EventCountry "RUS"]
[EventCategory "8"]
[SourceTitle "CBM 122 Extra"]
[Source "ChessBase"]
[SourceDate "2008.03.04"]
[SourceVersion "1"]
[SourceVersionDate "2008.03.04"]
[SourceQuality "1"]

1. e4 c5 2. Nf3 e6 3. d3 Nc6 4. g3 d5 5. Qe2 Nf6 6. Bg2 Be7 7. 0-0 Qc7 8. Re1 b6 9. Nc3 Bb7 10. exd5 exd5 11. Bf4 Qd7 12. Ne5 Nxe5 13. Qxe5 Qe6 14. Qg5 Qd7 15. Qxg7 0-0-0 16. Qxf7 Rde8 17. Nb5 Rhf8 18. Nxa7+ Kd8 19. Qe6 Qxe6 20. Rxe6 Nd7 21. Rae1 Bf6 22. Rxe8+ Rxe8 23. Bc7+ Kxc7 24. Rxe8 Ba6 25. Bxd5 Bxb2 26. a4 Nf6 27. Re7+ Kd6 28. Re6+ Kxd5 29. Rxb6 Bd4 30. Rxa6 Ng4 31. c4+ 1-0